| 000 | 00823nam a2200253 i 4500 | ||
|---|---|---|---|
| 001 | 181289 | ||
| 003 | ES-MaACL | ||
| 005 | 20250911062659.0 | ||
| 008 | 121205s2009 sp | |||||||| |dspa d | ||
| 020 | _a978-84-233-3060-7 | ||
| 080 | _a821.134.1-94"19" | ||
| 100 | 1 |
_aPla, Josep, _d1897-1981 _9164614 |
|
| 245 | 1 | 3 |
_aEl cuaderno gris / _cJosep Pla ; traducción de Dionisio Ridruejo y Gloria de Ros. |
| 250 | _a1ª ed., 6ª imp. | ||
| 260 |
_aBarcelona : _bDestino, _c2009. |
||
| 300 |
_a606 p. ; _c23 cm. |
||
| 490 | 1 |
_aÁncora y delfín ; _v833 |
|
| 700 | 1 |
_aRidruejo, Dionisio, _d1912-1975 _997065 |
|
| 700 | 0 |
_aRos, Gloria de. _999574 |
|
| 830 | 0 | 0 |
_aÁncora y Delfín _v833 _9151298 |
| 852 |
_aES-MaACL _jA-12347 _9188173 _bR.148548 _cDEPO1 _dOlim: N-5352 |
||
| 942 |
_2udc _cMONOGRAFIA |
||
| 999 |
_c181289 _d181289 |
||